Green revolution gaps : (Record no. 246)

MARC details
000 -LEADER
fixed length control field 00613nam a22002177a 4500
001 - CONTROL NUMBER
control field BD-DhSAU 246
003 - CONTROL NUMBER IDENTIFIER
control field BD-DhSAU
005 - DATE AND TIME OF LATEST TRANSACTION
control field 20141214200226.0
008 - FIXED-LENGTH DATA ELEMENTS--GENERAL INFORMATION
fixed length control field 140825b ii a|||| |||| 001 0 eng d
020 ## - INTERNATIONAL STANDARD BOOK NUMBER
International Standard Book Number 8170330734
040 ## - CATALOGING SOURCE
Transcribing agency BD-DhSAU
082 ## - DEWEY DECIMAL CLASSIFICATION NUMBER
Edition number 22
Classification number 631.541/ SHG
100 ## - MAIN ENTRY--PERSONAL NAME
Personal name Sharma, T C
245 ## - TITLE STATEMENT
Title Green revolution gaps :
Remainder of title T C Sharma and O Coutinho
Statement of responsibility, etc. A geografhical analysis/
260 ## - PUBLICATION, DISTRIBUTION, ETC. (IMPRINT)
Place of publication, distribution, etc. India:
Name of publisher, distributor, etc. Rawat Publication;
Date of publication, distribution, etc. 1989.
300 ## - PHYSICAL DESCRIPTION
Extent viii, 218 p. :
Other physical details ill. ;
Dimensions 23 cm.
504 ## - BIBLIOGRAPHY, ETC. NOTE
Bibliography, etc Includes index.
590 ## - Name of Cataloguer
Name of Cataloger Md. Sirajul Islam.
650 ## - SUBJECT ADDED ENTRY--TOPICAL TERM
Topical term or geographic name as entry element Green revolution
700 ## - ADDED ENTRY--PERSONAL NAME
Personal name Coutinho, O
942 ## - ADDED ENTRY ELEMENTS (KOHA)
Source of classification or shelving scheme Dewey Decimal Classification
Koha item type Book
Holdings
Withdrawn status Lost status Source of classification or shelving scheme Damaged status Not for loan Collection code Home library Branch Name Date acquired Total Checkouts Full call number Barcode Date last seen Price effective from Koha item type Shelving location
    Dewey Decimal Classification   Not For Loan Reference SAU Library SAU Library 25/08/2014   631.541/ SHG 25561 25/08/2014 25/08/2014 Book  
    Dewey Decimal Classification       SAU Library SAU Library 25/08/2014   631.541/ SHG 23963 25/08/2014 25/08/2014 Book  
    Dewey Decimal Classification       SAU Library SAU Library 20/06/1993   631.541/ SHG 23964 14/12/2014 14/12/2014 Book General Stacks
    Dewey Decimal Classification       SAU Library SAU Library 29/06/1993   631.541/ SHG 25562 01/01/2015 01/01/2015 Book General Stacks
    Dewey Decimal Classification       SAU Library SAU Library 29/06/1993   631.541/ SHG 25564 01/01/2015 01/01/2015 Book General Stacks
    Dewey Decimal Classification       SAU Library SAU Library 29/06/1993   631.541/ SHG 25563 01/01/2015 01/01/2015 Book General Stacks